Imagine Dragons - Warriors lyrics - Statistics

General Stats
  • This quiz has been taken 172 times
  • The average score is 123 of 154
Answer Stats
Answer % Correct
a
100%
we
100%
We
100%
the
99%
The
99%
are
98%
warriors
97%
this
94%
to
94%
that
93%
That
93%
you
93%
town
92%
away
91%
built
90%
from
90%
From
90%
Here
90%
be
89%
now
88%
and
87%
don't
87%
they
87%
turn
87%
far
84%
all
83%
play
83%
But
82%
dust
82%
knew
81%
would
81%
one
80%
always
79%
child
79%
watch
79%
work
76%
you'd
76%
As
75%
Of
74%
of
74%
while
74%
it
72%
wait
72%
just
70%
dream
67%
was
67%
Your
67%
lay
66%
things
66%
at
65%
Awake
62%
night
61%
will
61%
scheme
60%
change
58%
come
58%
when
58%
me
57%
never
56%
have
55%
for
54%
my
54%
spirit
54%
'cause
53%
dies
53%
prove
52%
love
51%
you'll
51%
Above
49%
above
49%
rise
49%
gone
48%
yourself
48%
In
47%
I've
47%
take
47%
Farewell
45%
time
44%
throne
42%
labor
40%
youth
37%
best
36%
weep
35%
No matching quizzes found
Score Distribution
Percent of People with Each Score
Percentile by Number Answered
Your Score History
You have not taken this quiz